000 00719nam a2200205Ia 4500
003 GCL
008 140319s9999 xx 000 0 ara d
020 _a5120442977
040 _aGCL /
_cGCL
082 0 4 _aق
_b962.074
_bم ح
100 1 _aمحمد فوزى
245 1 0 _aحرب أكتوبر عام 1973 دراسة ودروس /
_cمحمد فوزى
250 _aالثانية
260 _aالقاهرة :
_bدار المستقبل العربى ،
_c1989
300 _a280 ص ؛
_c22 سم
650 0 4 _aالنزاع العربى الاسرائيلى
650 0 4 _aحرب اكتوبر 1973
650 0 4 _aمصر - تاريخ - العصر الحديث - انور السادات (1971 - 1981)
942 _2ddc
_cBK
999 _c51425
_d51425